000 00345nam a2200145Ia 4500
008 230917s9999||||xx |||||||||||||| ||und||
040 _e118383
_aMAIN
041 _aEnglish
082 _a570 M278R
100 _aM.D.U.
245 0 _aRe-orientation course in bio-sciences
260 _aRohtak
_bM.D.U.
_c1989
300 _a200p. p.
942 _cBK
999 _c71716
_d71716